00379pab a2200145 454500008004000000100002000040245005200060260000900112300001700121362000800138650001300146700001900159700002000178773003500198180718b2015 xxu||||| |||| 00| 0 eng d aAkerman, Anders aThe skill complementarity of broadband internet c2015 ap.1781-1824. aNov aInternet aMogstad, Magne aGaarder, Ingvil aQuarterly Journal of Economics